[Event "Shanghai COITCT 2019"]
[Site "Shanghai"]
[Date "2019.09.16"]
[Round "4.2"]
[White "Kobalia, Mikhail"]
[Black "Kabilov, Amin"]
[Result "1/2-1/2"]
[WhiteElo "2608"]
[BlackElo "2199"]
[Annotator "TA"]
[PlyCount "113"]
[EventDate "2019.09.15"]
[EventType "team-tourn"]
[EventCountry "CHN"]
[SourceTitle "playchess.com"]
[Source "ChessBase"]
[SourceQuality "1"]

{[%evp 19,112,12,16,0,0,0,14,14,18,0,0,0,0,0,13,0,0,0,0,0,0,-30,-28,-16,-25,-48,-26,-28,-33,-17,-18,-58,-59,-38,-32,-34,0,0,8,-78,-72,-79,-85,-83,-68,-334,-350,-348,-349,-286,0,0,13,9,18,10,14,18,17,23,21,0,210,204,465,465,478,22,18,0,446,0,19,0,461,447,447,452,561,121,565,650,656,653,612,607,630,623,620,591,558,284,1006,996,29999]} 1. e4 c5 2. Nf3 d6 3. Bb5+ Bd7 4. Bxd7+ Qxd7 5. O-O Nc6 6. c3 Nf6 7. Qe2 e6 8. d4 cxd4 9. cxd4 d5 10. e5 Ne4 11. Rd1 {B52: Sicilian: Moscow Variation with 3...Bd7} (11. Nbd2 Nxd2 12. Bxd2 Be7 13. Rac1 O-O 14. g3 Rfc8 15. h4 Bd8 16. h5 h6 17. Kg2 Ne7 18. b3 Rxc1 19. Rxc1 Rc8 20. Rxc8 Qxc8 21. Qd3 Nc6 22. Ne1 Be7 23. Nc2 a6 24. g4 Qf8 25. Qc3 Bd8 26. Qd3 Be7 27. Qc3 Bd8 28. Qd3 {½-½ (28) Laznicka,V (2664)-Kovalyov,A (2641) Linares 2017}) 11... Be7 12. Ne1 f6 13. f3 {The position is equal.} Ng5 {[#]} 14. Nc3 $146 ({Predecessor:} 14. Be3 Nf7 15. f4 O-O {0-1 (49) Barua,D (2510)-Sadler,M (2535) Hastings 1993}) 14... O-O 15. f4 Nf7 16. Be3 Nh6 17. h3 Nf5 18. Bf2 fxe5 19. dxe5 Qe8 20. Kh2 g5 21. g4 Nh6 22. fxg5 $1 Bxg5 23. Nd3 Qg6 24. Rf1 Rf7 25. Bc5 b6 $1 {[%cal Rb6c5]} 26. Bg1 Raf8 {[%cal Ba8f8,Bf8f7,Bf7f3][%mdl 32]} 27. Rxf7 Rxf7 28. Nb5 Qe4 29. Re1 (29. Qxe4 $1 $11 {was the only way to keep the balance.} dxe4 30. Nf2) 29... Rf3 $17 30. Qxe4 dxe4 31. Nf2 Bh4 (31... Nxe5 32. Nxe4 Bf4+ 33. Kg2 $14) 32. Rc1 $2 {[%mdl 8192]} (32. Rxe4 $15 Bxf2 33. Kg2 {[%mdl 64] Double Attack}) 32... e3 $19 ({Less strong is} 32... Bxf2 33. Rxc6 Bxg1+ 34. Kxg1 $17) 33. Ne4 {Black should prevent Kg2.} e2 {Threatens to win with ...Rf1.} ({Weaker is} 33... Nxe5 34. Nd4 $11) 34. Kg2 Nxe5 $2 (34... Rd3 $1 $19 {[%cal Rd3d1]} 35. Bf2 Rd1) 35. Nd4 $11 Rf4 36. Ng3 Bxg3 37. Nxe2 Rb4 38. Kxg3 Rxb2 {[%mdl 64] Double Attack} 39. Rc8+ Kf7 $1 40. Rc7+ Kg8 $2 {[#]} (40... Ke8 $11 41. Rxh7 Nhf7) 41. Nf4 $1 $18 {Black must now prevent Bd4.} Rxa2 $2 (41... Rd2 42. Rxa7 Rd7) 42. Nxe6 Ra3+ 43. Kg2 $2 (43. Kf4 $18) 43... Ra2+ $11 44. Kg3 $2 {[%mdl 8192]} (44. Kf1 $11 Ra1+ 45. Kg2) 44... Ra3+ $18 45. Kg2 $2 (45. Kf4 $18 Nd3+ 46. Kg5) 45... Ra2+ $11 46. Kg3 $2 {[%mdl 8192]} (46. Kf1 $11 Rd2 47. Rg7+ (47. Rxa7 Rd7 $16) 47... Kh8 48. Rxa7) 46... Ra3+ $18 47. Kf4 Ng6+ 48. Ke4 Ra1 49. Rg7+ Kh8 {[#]} 50. Bd4 $1 {[%csl LRa1,LRa7,LRg6][%cal Rg7g6][%mdl 512]} Re1+ {[#]} 51. Kd5 $1 {[%mdl 512] White threatens Rxg6+ and mate.} Rd1 {With the idea ...Nf4+!} 52. Rxa7+ Kg8 53. Rg7+ Kh8 {intending ...Nf4+.} 54. Rb7+ Kg8 55. Ng5 {Strongly threatening Rg7+.} Nf4+ $2 {[#]} (55... Kf8 56. Nxh7+ Ke8 57. Nf6+ Kf8 58. Rxb6 Kf7) 56. Ke4 $1 {[%cal Rb7b8][%mdl 512]} Ne2 57. Rb8# {[%mdl 32768] Accuracy: White = 51%, Black = 69%. . An unexpected result.} 1/2-1/2

[Event "Shanghai COITCT 2019"]
[Site "Shanghai"]
[Date "2019.09.16"]
[Round "4.3"]
[White "Antonova, Nadezhda"]
[Black "Murzin, Volodar"]
[Result "0-1"]
[WhiteElo "1930"]
[BlackElo "2433"]
[Annotator "TA"]
[PlyCount "140"]
[EventDate "2019.09.15"]
[EventType "team-tourn"]
[EventCountry "CHN"]
[SourceTitle "playchess.com"]
[Source "ChessBase"]
[SourceQuality "1"]

{[%evp 20,140,37,16,32,14,54,32,26,25,47,0,0,-18,-20,-17,-17,-14,-4,-36,-28,-54,-34,-106,-110,-120,-40,-60,-14,-14,-9,-10,25,8,11,0,10,9,19,0,16,0,0,7,16,0,10,-6,11,-12,20,0,51,0,0,0,0,-39,-6,-8,0,-14,0,-32,-44,-74,-70,-74,-74,-75,-75,-499,-508,-508,-506,-503,-503,-503,-487,-451,-442,-421,-418,-6091,-29968,-29965,-29969,-29969,-29970,-29946,-2403,-5293,-9506,-29946,-11003,-29977,-29978,-29977,-29978,-29978,-29979,-29977,0,-29979,-29980,-29980,-29981,-29981,-29982,-29982,-29983,-29983,-29984,-29983,-29985,-29985,-29986,-29986,-29986,-29986,-29986,-29989,-29990]} 1. Nf3 Nf6 2. g3 g6 3. b3 Bg7 4. Bb2 O-O 5. Bg2 d6 6. d4 Nbd7 7. O-O e5 8. dxe5 Ng4 9. c4 dxe5 10. h3 Nh6 11. e4 f6 {E60: King's Indian: Unusual lines and Fianchetto Variation without Nc3} 12. Nc3 Nf7 13. Qc2 c6 {White is slightly better.} 14. Rad1 Qe7 15. Rd3 $146 ({Predecessor:} 15. Nb1 Rd8 16. Ba3 Qe8 17. b4 Nf8 18. Rxd8 Qxd8 19. Nbd2 {½-½ (67) Mariotti,S (2490)-Tatai,S (2480) Rome 1977}) 15... Re8 16. Rfd1 Bf8 17. Na4 Nb6 18. Nc3 {[%cal Ba4c3,Bc3b1,Bb1d2,Bd2c4][%mdl 32]} Be6 19. Nb1 Qc7 20. c5 Nd7 21. b4 (21. Rc3 $15) 21... a5 $17 22. a3 Rad8 (22... axb4 $17 23. axb4 b6) 23. Nbd2 Nb8 24. Nc4 axb4 25. axb4 Na6 26. Qc3 Rxd3 27. Rxd3 Rd8 {[#] ...Rxd3 is the strong threat.} 28. Ne1 Qb8 29. Nb6 Be7 30. Qd2 Rxd3 31. Nxd3 Qd8 {Threatens to win with ...Nxb4!} 32. Qc3 Nc7 {[%cal Ba6c7,Bc7b5,Bb5d4][%mdl 32]} 33. f4 Nb5 34. Qd2 Nd4 35. Kh2 (35. Qf2 {feels hotter.} Nb5 36. Qe3 Bf8 37. Nf2 Bg7 38. Bf1) 35... Bf8 (35... exf4 $11 36. gxf4 f5) 36. fxe5 ({White should try} 36. Ne1 $14) 36... Nxe5 $11 37. Nxe5 fxe5 38. Bxd4 exd4 39. Bf1 Bg7 40. Bd3 Qf8 41. Qf4 Bh6 $36 {[%mdl 2048] Black is pushing.} 42. Qxf8+ Kxf8 $15 {[%mdl 4096] Endgame KBB-KBN} 43. b5 Ke7 44. bxc6 bxc6 45. Bc4 $2 {[%mdl 8192] [#]} (45. Nc4 $17) 45... Bxc4 $1 $19 46. Nxc4 {KB-KN} d3 47. Kg2 d2 48. Nb2 Ke6 49. Kf3 {intending Ke2.} Ke5 50. g4 Kd4 51. h4 (51. Nd1 $142 Kxc5 52. h4) 51... Kc3 52. Nd1+ Kc2 53. Ke2 Bf8 54. Ne3+ Kc1 55. Nd1 Bxc5 56. e5 h6 57. h5 gxh5 58. gxh5 Kc2 59. e6 Kc1 60. Nc3 Kc2 61. Nd1 Be7 {Black mates.} 62. Ne3+ Kc1 63. Nd1 c5 {[%cal Bc6c5,Bc5c4,Bc4c3,Bc3c2][%mdl 32]} 64. Ne3 Bg5 65. Nd1 Kc2 66. Nf2 c4 67. Nd1 c3 68. Nf2 Kc1 69. Nd3+ Kb1 70. Nf2 c2 {Accuracy: White = 37%, Black = 68%.} 0-1

[Event "Shanghai COITCT 2019"]
[Site "Shanghai"]
[Date "2019.09.16"]
[Round "4.4"]
[White "Xu, Zhihang"]
[Black "Lodhi, Mahmood"]
[Result "1-0"]
[WhiteElo "2506"]
[BlackElo "2349"]
[Annotator "RC"]
[PlyCount "93"]
[EventDate "2019.09.15"]
[EventType "team-tourn"]
[EventCountry "CHN"]
[SourceTitle "playchess.com"]
[Source "ChessBase"]
[SourceQuality "1"]
[TimeControl "1500+10"]

1. c4 {[%emt 0:00:00]} e5 {[%emt 0:00:00]} 2. Nc3 {[%emt 0:00:00]} Nf6 {[%emt 0:00:00]} 3. g3 {[%emt 0:00:10]} d5 {[%emt 0:00:02]} 4. cxd5 {[%emt 0:00:02]} Nxd5 {[%emt 0:00:02]} 5. Bg2 {[%emt 0:00:02]} Be6 {[%emt 0:00:12]} 6. Nf3 {[%emt 0:00:39]} Nc6 {[%emt 0:00:03]} 7. Ng5 {[%emt 0:01:37]} Nxc3 {[%emt 0:00:43]} 8. Nxe6 {[%emt 0:00:23]} Nxd1 {[%emt 0:00:19]} 9. Nxd8 {[%emt 0:00:03]} Nxd8 {[%emt 0:02:39]} 10. Kxd1 {[%emt 0:00:02]} Bc5 {[%emt 0:00:06]} 11. f4 {[%emt 0:02:30]} f6 {[%emt 0:01:39]} 12. Rf1 {[%emt 0:01:35]} c6 {[%emt 0:00:13]} 13. e3 {[%emt 0:00:22]} Nf7 {[%emt 0:02:13]} 14. b4 {[%emt 0:01:03]} Bb6 {[%emt 0:00:56]} 15. Bb2 {[%emt 0:00:34]} Rd8 {[%emt 0:02:51]} 16. Kc2 {[%emt 0:00:08]} Ke7 {[%emt 0:00:53]} 17. Bc3 {[%emt 0:00:15]} Rd7 {[%emt 0:00:59]} 18. a4 {[%emt 0:00:03]} a6 {[%emt 0:00:05]} 19. Bh3 {[%emt 0:01:34]} Rd5 {[%emt 0:00:17]} 20. fxe5 {[%emt 0:00:23]} Nxe5 {[%emt 0:00:29]} 21. Bg2 {[%emt 0:00:04]} Rd7 {[%emt 0:00:22]} 22. Rf4 {[%emt 0:00:03]} Rhd8 {[%emt 0:01:07]} 23. Raf1 {[%emt 0:00:04]} Ng6 {[%emt 0:00:50]} 24. Re4+ {[%emt 0:00:51]} Kf7 {[%emt 0:00:07]} 25. h4 {[%emt 0:00:47]} Ne7 {[%emt 0:00:27]} 26. Ref4 {[%emt 0:01:14]} Nd5 {[%emt 0:00:09]} 27. Bxd5+ {[%emt 0:00:01]} Rxd5 {[%emt 0:00:01]} 28. e4 {[%emt 0:01:02]} Rd3 {[%emt 0:00:47]} 29. g4 {[%emt 0:01:06]} Bc7 {[%emt 0:01:27]} 30. Rf5 {[%emt 0:01:09]} Ke6 {[%emt 0:00:34]} 31. g5 {[%emt 0:00:02]} fxg5 {[%emt 0:01:31]} 32. hxg5 {[%emt 0:00:02]} R3d7 {[%emt 0:00:32]} 33. Rh1 {[%emt 0:00:33]} Rh8 {[%emt 0:00:38]} 34. b5 {[%emt 0:00:01]} axb5 {[%emt 0:00:06]} 35. axb5 {[%emt 0:00:02]} Bb6 {[%emt 0:02:07]} 36. Re5+ {[%emt 0:01:08]} Kd6 {[%emt 0:00:24]} 37. Kb3 {[%emt 0:00:16]} Kc7 {[%emt 0:00:09]} 38. Kc4 {[%emt 0:00:04]} g6 {[%emt 0:01:10]} 39. Re6 {[%emt 0:01:18]} cxb5+ {[%emt 0:01:29]} 40. Kxb5 {[%emt 0:00:51]} Bd4 {[%emt 0:00:02]} 41. Bb4 {[%emt 0:00:19]} b6 {[%emt 0:00:57]} 42. Rc6+ {[%emt 0:00:58]} Kb7 {[%emt 0:00:02]} 43. Rd6 {[%emt 0:00:02]} Rxd6 {[%emt 0:01:23]} 44. Bxd6 {[%emt 0:00:02]} Kc8 {[%emt 0:00:42]} 45. Kc6 {[%emt 0:00:02]} Kd8 {[%emt 0:00:09]} 46. e5 {[%emt 0:00:17]} Ke8 {[%emt 0:00:23]} 47. e6 {[%emt 0:00:24]} 1-0

[Event "Shanghai COITCT 2019"]
[Site "Shanghai"]
[Date "2019.09.16"]
[Round "4.5"]
[White "Khan, Mohd. Omer"]
[Black "Ma, Zhonghan"]
[Result "0-1"]
[WhiteElo "2273"]
[BlackElo "2485"]
[Annotator "TA"]
[PlyCount "50"]
[EventDate "2019.09.15"]
[EventType "team-tourn"]
[EventCountry "CHN"]
[SourceTitle "playchess.com"]
[Source "ChessBase"]
[SourceQuality "1"]

{[%evp 12,50,33,-26,-22,-25,-18,-56,-56,-62,-42,-100,-85,-93,-80,-94,-73,-116,-99,-143,-153,-158,-152,-428,-427,-762,-749,-820,-806,-817,-787,-739,-715,-970,-968,-1122,-1116,-1626,-1627,-1533,-1518]} 1. e4 c5 2. Nf3 d6 3. d4 cxd4 4. Nxd4 Nf6 5. Nc3 a6 6. h3 e6 7. Be3 (7. g4 $14) 7... b5 $11 {B90: Sicilian Najdorf: Unusual White 6th moves, 6 Be3 Ng4 and 6 Be3 e5} 8. a3 (8. Bd3 Bb7 9. a3 Nbd7 10. O-O Be7 11. Qe2 O-O 12. Rad1 Nc5 13. f3 Qc7 14. Bf2 Rfe8 15. g4 {0-1 (48) Schulz,L (2317)-Andersen,M (2605) Boeblingen 2018}) 8... Bb7 9. Qd3 Nbd7 {Black is slightly better.} 10. Nb3 $146 ({Predecessor:} 10. f3 Be7 11. Be2 O-O 12. O-O Qc7 13. Qd2 Rac8 14. Bd3 Ne5 15. Qf2 Nc4 16. Bxc4 Qxc4 17. Nb3 Ba8 18. Rfd1 {½-½ (18) Buivydas,S (1764)-Ridzvanavicius,J (2048) Lithuania 2019}) 10... Be7 11. f4 (11. Be2 $15) 11... O-O 12. Be2 Rc8 13. Bf3 Qc7 14. Rc1 Nb6 15. Nd2 Rfd8 16. O-O d5 $1 {[%cal Rd5e4]} 17. e5 $2 {[#]} (17. exd5 $17 Nfxd5 18. Bxd5) 17... d4 $1 $19 {[%cal Rd4e3][%mdl 512] Black is clearly winning.} 18. Bxb7 ({Of course not} 18. Bxd4 {[#]} Rxd4 $1 {[%mdl 512]} 19. Qe2 (19. Qxd4 $2 {perishes.} Bc5 $19) 19... Nfd5 $19) (18. Kh2 $142 dxe3 19. Qxe3) 18... dxe3 19. Qe2 exd2 20. Bxc8 dxc1=Q ({Weaker is} 20... Nxc8 21. Rcd1 $17) 21. Rxc1 Qxc8 22. Kh1 Nfd5 23. Ne4 Nxf4 24. Qf2 {[#]} Nd3 $1 {[%mdl 64] Double Attack, Pin} 25. Qxb6 (25. cxd3 Qxc1+) 25... Nxc1 {Accuracy: White = 17%, Black = 85%.} 0-1

[Event "Shanghai COITCT 2019"]
[Site "Shanghai"]
[Date "2019.09.16"]
[Round "4.6"]
[White "Mu, Ke"]
[Black "Waqar, Ahmad Madni"]
[Result "1-0"]
[WhiteElo "2414"]
[BlackElo "1979"]
[Annotator "TA"]
[PlyCount "75"]
[EventDate "2019.09.15"]
[EventType "team-tourn"]
[EventCountry "CHN"]
[SourceTitle "playchess.com"]
[Source "ChessBase"]
[SourceQuality "1"]

{[%evp 18,75,27,27,27,9,35,26,22,0,25,14,28,23,47,47,47,44,44,42,58,53,109,96,102,107,238,238,238,240,235,225,240,233,240,240,240,235,225,223,339,333,363,362,362,362,374,368,479,531,520,517,497,441,644,638,650,607,977,952]} 1. d4 Nf6 2. c4 e6 3. Nc3 d5 4. cxd5 exd5 5. Bg5 c6 6. e3 Bf5 7. Qf3 Bg6 8. Bxf6 Qxf6 9. Qxf6 gxf6 10. Nf3 Nd7 {D35: Queen's Gambit Declined: Exchange Variation} 11. Nh4 Be7 12. g3 (12. Ne2 f5 13. g3 Bxh4 14. gxh4 Nf6 15. Bh3 Nh5 16. b4 Ke7 17. Kd2 a6 18. a4 {½-½ (34) Vachier Lagrave,M (2778)-Vitiugov,N (2709) Shenzhen 2018}) 12... Nb6 {White has an edge.} 13. b3 Bb4 $146 ({Predecessor:} 13... Nc8 14. Kd2 Nd6 15. f3 O-O-O 16. Bd3 Bxd3 17. Kxd3 f5 18. Ng2 {1-0 (53) Savina,A (2417)-Bedouin,X (2336) Montpellier 2015}) 14. Kd2 $1 Nc8 (14... a5 {is interesting.} 15. a3 Be7 16. Bd3 a4 17. b4 Nc4+) 15. a3 Bxc3+ 16. Kxc3 Nd6 17. f3 Nf5 18. Ng2 h5 19. Bd3 O-O ({Black should play} 19... Nd6 $14) 20. Rae1 Rfe8 21. Nf4 Kg7 (21... Ne7 $16 22. Rhg1 Rac8) 22. Bxf5 $1 $18 {[%mdl 64] [#] Overworked Piece} Bxf5 23. Nxh5+ Kg6 24. Nf4+ Kg7 25. g4 Bd7 26. h4 Re7 27. Kd2 Rae8 28. Re2 f5 (28... a5 $142 29. Nh5+ Kg6) 29. g5 Be6 30. Nh5+ Kg6 31. Nf6 Rh8 32. Rg2 f4 {Now ...fxe3+ and Black clings on.} 33. h5+ {White is clearly winning.} Kg7 34. exf4 Bf5 35. Re1 Rxe1 (35... Re6 $142 36. Rxe6 fxe6 37. h6+ Kg6) 36. Kxe1 Rc8 37. Re2 Be6 38. Re5 {Accuracy: White = 74%, Black = 26%.} 1-0

[Event "Shanghai COITCT 2019"]
[Site "Shanghai"]
[Date "2019.09.16"]
[Round "4.7"]
[White "Orozbaev, Eldiar"]
[Black "Xu, Yinglun"]
[Result "1/2-1/2"]
[WhiteElo "1908"]
[BlackElo "2565"]
[Annotator "TA"]
[PlyCount "87"]
[EventDate "2019.09.15"]
[EventType "team-tourn"]
[EventCountry "CHN"]
[SourceTitle "playchess.com"]
[Source "ChessBase"]
[SourceQuality "1"]

{[%evp 21,87,0,20,0,37,18,43,36,50,34,56,50,49,38,21,21,26,20,0,-11,-11,-11,-11,-58,-58,-91,-11,-11,0,-26,-14,-17,0,0,0,-14,0,-18,9,9,9,8,8,11,12,12,12,15,31,0,0,0,0,0,0,0,0,0,0,0,0,0,0,0,0,0,0,0]} 1. e4 c5 2. c3 e6 3. d4 d5 4. exd5 Qxd5 5. Nf3 Nf6 6. Be2 Nc6 7. Be3 cxd4 8. cxd4 Be7 9. O-O O-O 10. Nc3 Qd6 11. Rc1 a6 12. Qd2 {B22: Sicilian: 2 c3} Rd8 13. Rfd1 Qb4 14. Qc2 {White is slightly better.} Qa5 15. a3 Bd7 16. Nd2 $146 ({Predecessor:} 16. Ng5 Be8 17. Bf3 h6 18. Nge4 Nxe4 19. Qxe4 Bf6 {½-½ (51) Pap,M (2285)-Sosonko,G (2515) Bled 1997}) 16... Be8 17. Nc4 Qc7 18. d5 Nxd5 19. Nxd5 Rxd5 20. Bb6 Rxd1+ 21. Rxd1 Qf4 22. Bf3 Rc8 {[#] ...Ne5 is the strong threat.} 23. Qb3 h6 ({Black should try} 23... Nb8 $17 24. Bd4 Bb5) 24. g3 $1 $11 {[%cal Rg3f4]} Qb8 25. Bg2 Bf8 26. h3 Na7 27. Na5 Nc6 28. Nc4 Be7 29. Bf3 Bd8 30. Nd6 Bxb6 31. Qxb6 Rd8 32. Nxe8 Rxe8 33. Bxc6 bxc6 34. Qxc6 {[%mdl 4096] Endgame KQR-KQR} a5 35. b4 axb4 {The position is equal.} 36. axb4 Rc8 37. Qd7 Rc4 38. b5 Rb4 39. Qe7 Qxb5 40. Rd8+ Kh7 {[#] ( -> ...Rb1+)} 41. Qxf7 {White threatens Qg8+ and mate.} Rb1+ 42. Kh2 {Qg8+ would kill now.} Qc6 {[%csl Gb1][%cal Rc6h1]} 43. Qg8+ $1 Kg6 {[%csl Gb1][%cal Rc6h1]} 44. Qe8+ {Accuracy: White = 56%, Black = 58%.} 1/2-1/2

[Event "Shanghai COITCT 2019"]
[Site "Shanghai"]
[Date "2019.09.16"]
[Round "4.8"]
[White "Bai, Jinshi"]
[Black "Zairbek kyzy, Begimai"]
[Result "1-0"]
[WhiteElo "2591"]
[BlackElo "1989"]
[Annotator "TA"]
[PlyCount "81"]
[EventDate "2019.09.15"]
[EventType "team-tourn"]
[EventCountry "CHN"]
[SourceTitle "playchess.com"]
[Source "ChessBase"]
[SourceQuality "1"]

{[%evp 11,81,11,66,56,56,48,53,67,66,66,83,79,81,69,108,105,103,99,248,239,245,245,250,250,236,258,289,293,286,266,296,291,298,285,307,297,302,304,345,355,389,374,437,369,487,483,487,497,812,762,833,813,767,626,879,878,1005,961,1259,1214,1260,1238,1282,1257,1524,1485,1693,1705,1751,1731,2542,2464]} 1. Nf3 d5 2. g3 Nf6 3. Bg2 e6 4. O-O c5 5. d4 Nc6 6. c4 Qb6 (6... dxc4 $11 7. dxc5 Qxd1 8. Rxd1 Bxc5) 7. cxd5 $14 {E01: Catalan: Early deviations} (7. dxc5 Bxc5 8. cxd5 Nxd5 9. Nc3 Nxc3 10. bxc3 e5 11. Ng5 Bf5 12. Ne4 Bxe4 13. Bxe4 O-O 14. Qc2 h6 {0-1 (28) Fernandez,A (1584)-Leskovar,M (2285) General Pico 2019}) 7... exd5 {[%cal Rc5d4]} 8. dxc5 Bxc5 9. Nc3 {White is slightly better.} Be6 10. Na4 Qb5 11. Nxc5 Qxc5 12. Be3 Qe7 13. Rc1 Ne4 14. Nd4 Bd7 $146 (14... Nxd4 $16 15. Bxd4 (15. Qxd4 O-O $16) 15... f6) ({Predecessor:} 14... Nxd4 15. Bxd4 {1-0 (40) Ares,S (2122)-Tariq,M (1991) Baghdad 2013}) 15. Nb5 $18 {[#] Black must now prevent Nc7+.} O-O 16. Qxd5 Nf6 17. Qd6 Rfe8 18. Rfd1 Rad8 19. Qxe7 ({But not} 19. Nxa7 Qxd6 20. Rxd6 Nxa7 $18) 19... Rxe7 20. Bxc6 bxc6 21. Nxa7 Rde8 22. Nxc6 Re6 23. Nd4 Ra6 24. a3 Bh3 25. Nb5 {[#] Nc7 is the strong threat.} Rf8 26. Nc7 Ra5 27. f3 h6 28. Rc3 {White is clearly winning.} Re5 29. Kf2 Bc8 (29... Re7 $142 30. b4 Rb8) 30. Bc5 Rfe8 31. Nxe8 Rxe8 32. b4 Ba6 33. Re3 Rc8 34. a4 {[%cal Ba3a4,Ba4a5,Ba5a6,Ba6a7][%mdl 32]} Bb7 35. Red3 Kh7 36. Rd8 Rc7 37. a5 Ba6 38. R1d6 Bc4 39. a6 Re7 40. Rd2 Re5 41. a7 {Accuracy: White = 95%, Black = 19%.} 1-0

[Event "Shanghai COITCT 2019"]
[Site "Shanghai"]
[Date "2019.09.16"]
[Round "4.10"]
[White "Kovalev, Vladislav"]
[Black "Nigmatov, Ortik"]
[Result "1-0"]
[WhiteElo "2661"]
[BlackElo "2482"]
[Annotator "TA"]
[PlyCount "99"]
[EventDate "2019.09.15"]
[EventType "team-tourn"]
[EventCountry "CHN"]
[SourceTitle "playchess.com"]
[Source "ChessBase"]
[SourceQuality "1"]

{[%evp 11,99,9,37,37,30,41,38,14,29,-10,0,-8,6,18,21,12,16,0,7,18,3,0,16,0,0,0,0,0,0,0,-12,-23,15,13,15,0,0,0,0,0,0,0,0,0,0,0,0,0,0,0,40,36,35,6,179,167,172,175,269,258,1201,1231,1231,1194,1015,1060,29967,29969,29972,29973,29973,29974,29973,29974,29972,29974,29973,29974,29968,29969,29974,29975,29980,2153,29981,29982,29985,29986,29986,29987]} 1. e4 c5 2. Nc3 d6 3. Nf3 Nf6 4. e5 dxe5 5. Nxe5 Nbd7 6. Nc4 e6 7. g3 {B50: Sicilian: 2...d6, Miscellaneous} (7. Be2 Be7 8. O-O O-O 9. d3 Nb6 10. Bf3 Nbd5 11. Bd2 b6 12. Nxd5 Nxd5 13. Ne5 Bb7 14. c4 Qc7 15. cxd5 Qxe5 16. Bc3 Qd6 17. dxe6 Bxf3 18. Qxf3 fxe6 19. Qe4 Rad8 20. Rae1 Bf6 21. Re3 {½-½ (21) Zvjaginsev,V (2673)-Oparin,G (2626) Moscow 2016}) 7... Be7 8. Bg2 Nb6 9. Qe2 {White is slightly better.} O-O 10. Nxb6 $146 ({Predecessor:} 10. O-O Nxc4 11. Qxc4 a6 12. a4 Rb8 13. Rd1 e5 14. b3 Be6 {1-0 (44) Teske,H (2531)-Colpe,M (2336) Norderstedt 2013}) 10... Qxb6 11. a4 {[%cal Ba2a4,Ba4a5][%mdl 32]} a6 12. a5 Qc7 13. d3 Bd7 14. Bf4 Qc8 15. O-O Bc6 16. Ne4 Qd7 17. Be5 Nd5 18. f4 f6 19. Bc3 $1 f5 20. Ng5 Bxg5 21. fxg5 Nxc3 22. bxc3 Bxg2 23. Qxg2 e5 24. Rab1 Rf7 25. c4 Rd8 26. Qf2 Qc7 27. Rb6 f4 28. Qf3 Qe7 29. g6 hxg6 30. Rxg6 Rdf8 {[#] And now ...fxg3 would win.} 31. Qd5 Rd8 32. Qe6 (32. Re6 $5 {[%cal Re6e7]} Rxd5 33. Rxe7 Rxe7 34. cxd5 $14) 32... Qf8 $2 (32... e4 $11) 33. gxf4 $18 Re8 34. Qd5 $36 {[%mdl 2048] White has strong initiative.} Kh8 (34... e4 {was necessary.} 35. dxe4 Rd8) 35. Rg4 exf4 $2 {[#]} (35... Rd8 36. Qxe5 Kg8) 36. Rh4+ Kg8 37. Rhxf4 ({Not} 37. Qh5 Rf6 $16) 37... Ree7 38. h4 g6 39. Kg2 Kg7 40. Rxf7+ Rxf7 41. Rxf7+ Qxf7 42. Qxf7+ Kxf7 {[%mdl 4096] Endgame KP-KP} 43. Kf3 Ke6 44. Ke4 Kd6 45. c3 Kc6 46. d4 Kd6 47. Kf4 (47. d5 $142 Kd7 48. Kf4 Ke7 49. Kg5 Kf7 50. d6 Ke6 51. Kxg6 Kxd6 52. h5) 47... Ke6 48. Kg5 {White mates.} Kd6 49. Kxg6 b6 50. h5 {Accuracy: White = 77%, Black = 42%.} 1-0